Love marriage (Record no. 214677)
[ view plain ]
| 000 -LEADER | |
|---|---|
| fixed length control field | 00618nam a2200217Ia 4500 |
| 003 - CONTROL NUMBER IDENTIFIER | |
| control field | OSt |
| 005 - DATE AND TIME OF LATEST TRANSACTION | |
| control field | 20250917101026.0 |
| 008 - FIXED-LENGTH DATA ELEMENTS--GENERAL INFORMATION | |
| fixed length control field | 210719s9999 xx 000 0 und d |
| 040 ## - CATALOGING SOURCE | |
| Transcribing agency | AL |
| 041 ## - LANGUAGE CODE | |
| Language code of text/sound track or separate title | Tulu |
| 082 ## - DEWEY DECIMAL CLASSIFICATION NUMBER | |
| Classification number | T894.2 RAVL |
| 100 ## - MAIN ENTRY--PERSONAL NAME | |
| Personal name | RAV (P S) |
| Dates associated with a name | ರಾವ್ (ಪಿ ಎಸ್) |
| 9 (RLIN) | 239019 |
| 245 ## - TITLE STATEMENT | |
| Title | Love marriage |
| Remainder of title | ಲವ್ ಮ್ಯಾರೇಜ್ |
| 260 ## - PUBLICATION, DISTRIBUTION, ETC. | |
| Place of publication, distribution, etc. | Mangaluru |
| Name of publisher, distributor, etc. | Sahodara Kala Vranda |
| 300 ## - PHYSICAL DESCRIPTION | |
| Extent | 79 |
| Other physical details | PB |
| 365 ## - TRADE PRICE | |
| Currency code | Rs |
| 650 ## - SUBJECT ADDED ENTRY--TOPICAL TERM | |
| Topical term or geographic name entry element | Tulu Drama |
| 9 (RLIN) | 239020 |
| 650 ## - SUBJECT ADDED ENTRY--TOPICAL TERM | |
| Topical term or geographic name entry element | Hasyapradana Tulu nataka |
| 9 (RLIN) | 239021 |
| 906 ## - LOCAL DATA ELEMENT F, LDF (RLIN) | |
| a | Hasyapradana ; Luv ; marriage ; nataka ; Tulu |
| 942 ## - ADDED ENTRY ELEMENTS (KOHA) | |
| Source of classification or shelving scheme | Dewey Decimal Classification |
| Koha item type | Book |
| Withdrawn status | Lost status | Source of classification or shelving scheme | Damaged status | Not for loan | Collection code | Home library | Current library | Shelving location | Date acquired | Total Checkouts | Full call number | Barcode | Date last seen | Price effective from | Koha item type | Public note |
|---|---|---|---|---|---|---|---|---|---|---|---|---|---|---|---|---|
| Dewey Decimal Classification | Tulu | St Aloysius Library | St Aloysius Library | Secondary stack section | 05/28/2008 | T894.2 RAVL | D03291 | 07/19/2021 | 07/19/2021 | Donated Books | Donated by Dr Mahalinga Bhat |